01022naa#a2200193#i#4500001002000000005001700020011001400037100004100051102000700092200030800099210007800407215001100485608004500496675010300541700005600644700005200700700006000752856001600812RU\RIOR\bibl\12440820260629114855.1##a2409-6024##a20260530b2026####ek#y0rusy0150####ca##aRU1#aПРОФЕССИОНАЛЬНОЕ ПАРТНЁРСТВО ОБРАЗОВАТЕЛЬНОГО И РЕАЛЬНОГО СЕКТОРОВ РОССИЙСКОЙ ЭКОНОМИКИ КАК ЭЛЕМЕНТ МЕХАНИЗМА ГОСУДАРСТВЕННОГО РЕГУЛИРОВАНИЯeЖурнальная статья1#aМоскваcООО "Издательский Центр РИОР"d2026##a16 с.##aЖурнальная статья2local##aЭкономика. Народное хозяйство. Экономические науки. 33#1aБариевgРоман Александрович#1aБодякоgАнна Владимировна#1aРогуленкоgТатьяна Михайловна4#ariorpub.com